Meilleurs marqueurs d'essais de chaque saison Top 14 - Statistiques

Statistiques générales
  • Ce quiz a été pris 19 fois
  • Le résultat moyen est 26 sur 92
Statistiques - réponses
Hint Réponse % Correct
2023-2024 14 essais / Bordeaux-Bègles / Ailier Damian Penaud
83%
2024-2025 13 essais / Bordeaux-Bègles / Ailier Louis Bielle-Biarrey
78%
2022-2023 14 essais / Pau / Centre Emilien Gailleton
72%
2024-2025 11 essais / Pau / Centre Emilien Gailleton
72%
2005-2006 11 essais / Toulouse / Ailier Vincent Clerc
72%
2009-2010 7 essais / Toulouse / Ailier Vincent Clerc
72%
2012-2013 9 essais / Toulouse / Ailier Vincent Clerc
72%
2006-2007 13 essais / Clermont / Centre-Ailier Aurélien Rougerie
67%
2007-2008 11 essais / Clermont / Centre-Ailier Aurélien Rougerie
67%
2021-2022 11 essais / Lyon / Demi de Mêlée Baptiste Couilloud
67%
2023-2024 17 essais / Lyon / Demi de Mêlée Baptiste Couilloud
67%
2024-2025 11 essais / Lyon / Demi de Mêlée Baptiste Couilloud
67%
2024-2025 12 essais / Toulon / Ailier Gaël Dréan
61%
2024-2025 11 essais / Racing / Demi de Mêlée Nolann Le Garrec
61%
2022-2023 11 essais / Lyon / Ailier Ethan Dumortier
56%
2015-2016 9 essais / Toulouse / Centre Gaël Fickou
56%
2007-2008 14 essais / Toulouse / Ailier-Arrière Maxime Médard
56%
2010-2011 15 essais / Toulouse / Ailier-Arrière Maxime Médard
56%
2022-2023 10 essais / Clermont / Ailier Alivereti Raka
44%
2015-2016 11 essais / Toulon / Ailier Josua Tuisova
44%
2020-2021 14 essais / Lyon / Ailier Josua Tuisova
44%
2020-2021 13 essais / Toulouse / Ailier Matthis Lebel
44%
2007-2008 18 essais / Clermont / Ailier Napolioni Nalaga
44%
2008-2009 21 essais / Clermont / Ailier Napolioni Nalaga
44%
2009-2010 8 essais / Clermont / Ailier Napolioni Nalaga
44%
2012-2013 13 essais / Clermont / Ailier Napolioni Nalaga
44%
2005-2006 11 essais / Toulouse / Ailier Cédric Heymans
39%
2006-2007 13 essais / Toulouse / Ailier Cédric Heymans
39%
2017-2018 24 essais / Toulon / Ailier Chris Ashton
39%
2005-2006 17 essais / Agen / Ailier Rupeni Caucaunibuca
39%
2010-2011 12 essais / Bayonne / Ailier Yoann Huget
39%
2009-2010 7 essais / Montpellier / Demi d'Ouverture François Trinh-Duc
33%
2024-2025 11 essais / Bayonne / Centre Sireli Maqala
33%
2021-2022 10 essais / Bordeaux-Bègles / Centre Ulupano Seuteni
33%
2012-2013 10 essais / Clermont / Centre Wesley Fofana
33%
2013-2014 9 essais / Perpignan / Centre-Ailier Sofiane Guitoune
28%
2018-2019 12 essais / Toulouse / Centre Sofiane Guitoune
28%
2008-2009 10 essais / Biarritz / Ailier Takudzwa Ngwenya
28%
2009-2010 7 essais / Biarritz / Ailier Takudzwa Ngwenya
28%
2010-2011 11 essais / Montpellier / Ailier Timoci Nagusa
28%
2011-2012 11 essais / Montpellier / Ailier Timoci Nagusa
28%
2013-2014 10 essais / Montpellier / Ailier Timoci Nagusa
28%
2015-2016 14 essais / Montpellier / Ailier Timoci Nagusa
28%
2008-2009 9 essais / Clermont / Arrière Anthony Floch
22%
2009-2010 7 essais / Clermont / Arrière Anthony Floch
22%
2014-2015 10 essais / Bordeaux-Bègles / Ailier Blair Connor
22%
2014-2015 12 essais / Stade Français / Ailier Julien Arias
22%
2017-2018 12 essais / Montpellier / Troisième Ligne Louis Picamoles
22%
2012-2013 9 essais / Toulonv David Smith
17%
2014-2015 13 essais / Toulon / Ailier David Smith
17%
2015-2016 11 essais / Castres / Ailier David Smith
17%
2013-2014 9 essais / Bayonne / Centre Joe Rokocoko
17%
2006-2007 13 essais / Narbonne / Ailier Julien Candelon
17%
2008-2009 9 essais / Perpignan / Ailier Julien Candelon
17%
2010-2011 11 essais / Clermont / Ailier Julien Malzieu
17%
2015-2016 9 essais / Montpellier / Ailier Marvin O'Connor
17%
2013-2014 15 essais / Bordeaux-Bègles / Ailier Metuisela Talebula
17%
2014-2015 10 essais / Bordeaux-Bègles / Ailier Metuisela Talebula
17%
2023-2024 12 essais / Perpignan / Ailier Tavite Veredamu
17%
2009-2010 7 essais / Bayonne / Ailier Benjamin Fall
11%
2013-2014 9 essais / Toulouse / Ailier Hosea Gear
11%
2017-2018 12 essais / Racing / Ailier Juan Imhoff
11%
2021-2022 9 essais / Racing / Ailier Juan Imhoff
11%
2021-2022 9 essais / La Rochelle / Centre-Ailier Jules Favre
11%
2017-2018 12 essais / Castres / Arrière Julien Dumora
11%
2013-2014 10 essais / Toulon / Centre Matt Giteau
11%
2017-2018 19 essais / Montpellier / Ailier Nemani Nadolo
11%
2018-2019 11 essais / Racing / Ailier Simon Zebo
11%
2005-2006 15 essais / Biarritz / Ailier Sireli Bobo
11%
2011-2012 10 essais / Toulouse / Ailier Timoci Matanavou
11%
2018-2019 13 essais / Racing / Centre Virimi Vakatawa
11%
2014-2015 10 essais / Stade Français / Centre-Ailier Waisea Nayacalevu
11%
2016-2017 14 essais / Stade Français / Centre-Ailier Waisea Nayacalevu
11%
2021-2022 9 essais / Stade Français / Centre-Ailier Waisea Nayacalevu
11%
2016-2017 13 essais / Pau / Centre-Ailier Watisoni Votu
11%
2005-2006 11 essais / Bourgoin / Ailier Anthony Forest
6%
2020-2021 12 essais / Castres / Ailier Filipo Nakosi
6%
2021-2022 9 essais / Stade Français / Arrière Kylan Hamdaoui
6%
2011-2012 10 essais / Castres / Ailier Romain Martial
6%
2008-2009 10 essais / Bayonne / Ailier Sam Gerber
6%
2009-2010 9 essais / Bayonne / Ailier Sam Gerber
6%
2013-2014 10 essais / Oyonnax / Ailier-Arrière Silvère Tian
6%
2011-2012 8 essais / Montpellier / Troisième Ligne Alex Tulou
0%
2015-2016 9 essais / Castres / Troisième Ligne Alex Tulou
0%
2014-2015 10 essais / Grenoble / Ailier Alipate Ratini
0%
2017-2018 12 essais / Castres / Centre Armand Batlle
0%
2015-2016 9 essais / Clermont / Ailier David Strettle
0%
2016-2017 11 essais / Clermont / Ailier David Strettle
0%
2009-2010 7 essais / Stade Français / Centre-Ailier Mark Gasnier
0%
2017-2018 12 essais / Lyon / Ailier Toby Arnold
0%
2008-2009 10 essais / Montauban / Ailier Vilimoni Delasau
0%
2011-2012 10 essais / Toulouse / Ailier Yves Donguy
0%
Aucun quiz correspondant
Distribution des résultats
% des personnes avec chaque résultat
Percentile par nombre de réponses
Votre historique - résultats
Vous n’avez pas pris ce quiz